| 000 | 00696nam a2200241Ia 4500 | ||
|---|---|---|---|
| 003 | OSt | ||
| 005 | 20230522160923.0 | ||
| 008 | 210423s2010 xx 000 0 und d | ||
| 020 | _a978-0-19-4799119 | ||
| 040 | _cAL | ||
| 041 | _aeng | ||
| 082 |
_a423 _223 _b HORO |
||
| 100 |
_aHORNBY (A S) _9110734 |
||
| 245 | _aOxford advanced learners dictionary of current English Ed 8 | ||
| 250 | _a8 | ||
| 260 |
_aNew York _bOxford University Press _c2010 |
||
| 300 |
_axii,1796,R46 _bHB |
||
| 365 |
_b765 _cINR |
||
| 650 |
_aEnglish Dictionaries _9110735 |
||
| 650 |
_aEnglish Language _9110736 |
||
| 906 | _aadvanced ; current ; dictionary ; Ed ; English ; learners ; Oxford | ||
| 942 |
_2ddc _cBK |
||
| 999 |
_c166962 _d166962 |
||